000 00658nam a2200241Ia 4500
003 OSt
005 20220918222022.0
006 a|||||r|||| 00| 0
007 ta
008 220917b |||||||| |||| 00| 0 eng d
024 _a214,743
037 _cTextual
040 _aARTS
_cARTS
_beng
041 _2eng
_aeng
082 _aR6, P1
100 _aGupta Bina Ed.
_9142005
245 0 _aExplorations in philosophy
_b Essays by J. N. Mohanty
260 _aNew Delhi
_bOxford university press
_c2001
300 _axxxvii, 229 p
_ccm.
650 _aINDIAN PHILOSOPHY
942 _hR6, P1
_cTEXL
_2CC
999 _c274336
_d274336